[Event "BEL-ch op"]
[Site "Antwerp"]
[Date "2011.07.08"]
[Round "7.12"]
[White "Cools, Gorik"]
[Black "Vanhee, Freddy"]
[Result "1-0"]
[WhiteElo "2230"]
[BlackElo "1984"]
[PlyCount "77"]
[EventDate "2011.07.02"]
[EventType "swiss"]
[EventRounds "9"]
[EventCountry "BEL"]
[SourceTitle "CBM 143 Extra"]
[Source "ChessBase"]
[SourceDate "2011.08.29"]
[SourceVersion "1"]
[SourceVersionDate "2011.08.29"]
[SourceQuality "1"]

1. e4 c5 2. Nf3 Nc6 3. d4 cxd4 4. Nxd4 e5 5. Nb5 d6 6. g3 Be7 7. Bg2 Nf6 8. h3 Be6 9. N1c3 a6 10. Na3 b5 11. Nd5 0-0 12. 0-0 Rc8 13. c3 Bxd5 14. exd5 Na5 15. Nc2 Nd7 16. a4 Nb3 17. Ra3 bxa4 18. Rxa4 Ndc5 19. Ra3 a5 20. Be3 Qb6 21. Na1 Nxa1 22. Qxa1 Bd8 23. Rb1 Qb7 24. b4 Rb8 25. Qa2 Nd7 26. Rab3 axb4 27. Rxb4 Qc8 28. Rxb8 Nxb8 29. Qa8 Bc7 30. Rb7 Nd7 31. Qa6 Bb8 32. Qc6 Nf6 33. c4 Qf5 34. Qb5 Qc8 35. g4 Rd8 36. Bd2 Nd7 37. Ba5 Nc5 38. Bxd8 Qxb7 39. Qe8# 1-0

[Event "BEL-ch op"]
[Site "Antwerp"]
[Date "2011.07.05"]
[Round "4.12"]
[White "De Vleeschauwer, Maarten"]
[Black "Cools, Gorik"]
[Result "1-0"]
[WhiteElo "1918"]
[BlackElo "2230"]
[PlyCount "57"]
[EventDate "2011.07.02"]
[EventType "swiss"]
[EventRounds "9"]
[EventCountry "BEL"]
[SourceTitle "CBM 143 Extra"]
[Source "ChessBase"]
[SourceDate "2011.08.29"]
[SourceVersion "1"]
[SourceVersionDate "2011.08.29"]
[SourceQuality "1"]

1. e4 e5 2. Nf3 Nc6 3. Bc4 Nf6 4. d3 Be7 5. c3 0-0 6. Bb3 d5 7. Nbd2 Be6 8. Bc2 Qd7 9. Qe2 Rfe8 10. Nf1 Rad8 11. Ng3 h6 12. 0-0 a6 13. Re1 Bc5 14. Nh4 Bg4 15. Qf1 Ne7 16. h3 Nh5 17. Kh2 Nxg3 18. fxg3 Be6 19. g4 dxe4 20. dxe4 Qb5 21. Qf3 f6 22. b3 Rd7 23. Rf1 Rf8 24. g5 hxg5 25. Bxg5 Nc6 26. Ng6 Rfd8 27. Qh5 Rd2 28. Bxf6 Rf2 29. Qh8+ 1-0

[Event "BEL-ch op"]
[Site "Antwerp"]
[Date "2011.07.03"]
[Round "2.8"]
[White "Lambert, Luc"]
[Black "Cools, Gorik"]
[Result "1-0"]
[WhiteElo "1943"]
[BlackElo "2230"]
[PlyCount "113"]
[EventDate "2011.07.02"]
[EventType "swiss"]
[EventRounds "9"]
[EventCountry "BEL"]
[SourceTitle "CBM 143 Extra"]
[Source "ChessBase"]
[SourceDate "2011.08.29"]
[SourceVersion "1"]
[SourceVersionDate "2011.08.29"]
[SourceQuality "1"]

1. e4 c5 2. c3 d5 3. exd5 Qxd5 4. d4 Nf6 5. Nf3 Bg4 6. Be2 e6 7. Na3 Nc6 8. Nc2 cxd4 9. Ncxd4 Nxd4 10. Qxd4 Qxd4 11. Nxd4 Bxe2 12. Kxe2 Bc5 13. Nb3 Bd6 14. f3 Rc8 15. Be3 a6 16. g3 Nd5 17. Bf2 Ke7 18. Rac1 b5 19. Rhd1 h5 20. h4 Rc6 21. Nd4 Rc7 22. Nf5+ exf5 23. Rxd5 f4 24. gxf4 Re8 25. Rcd1 Bxf4 26. Rxh5 Kf6+ 27. Kf1 Kg6 28. Rhd5 f6 29. Bc5 Rec8 30. b4 Be5 31. R1d3 a5 32. Kg2 axb4 33. cxb4 Ra8 34. Rd2 Ra3 35. R5d3 Ra4 36. Kh3 Rc8 37. Rg2+ Kh6 38. Rd7 f5 39. Rf7 f4 40. Bf8 Ra3 41. Kg4 Kg6 42. Rf5 Re8 43. Rxe5 Rxe5 44. Kxf4+ Kf7 45. Kxe5 Kxf8 46. Ke4 Rc3 47. Rd2 Ke7 48. f4 g6 49. Rd5 Rc4+ 50. Rd4 Rc3 51. f5 gxf5+ 52. Kxf5 Rc2 53. a3 Rc3 54. Rd5 Rxa3 55. Rxb5 Rh3 56. Kg4 Rh1 57. h5 1-0

[Event "BEL-ch op"]
[Site "Antwerp"]
[Date "2011.07.02"]
[Round "1.8"]
[White "Cools, Gorik"]
[Black "Decrop, Benjamin"]
[Result "1-0"]
[WhiteElo "2230"]
[BlackElo "1814"]
[PlyCount "53"]
[EventDate "2011.07.02"]
[EventType "swiss"]
[EventRounds "9"]
[EventCountry "BEL"]
[SourceTitle "CBM 143 Extra"]
[Source "ChessBase"]
[SourceDate "2011.08.29"]
[SourceVersion "1"]
[SourceVersionDate "2011.08.29"]
[SourceQuality "1"]

1. e4 c5 2. Nf3 Nc6 3. d4 cxd4 4. Nxd4 g6 5. Nc3 Bg7 6. Nde2 d6 7. g3 Bg4 8. Bg2 Bxc3+ 9. bxc3 Qa5 10. 0-0 Bxe2 11. Qxe2 Qxc3 12. Rb1 Nd4 13. Qd3 Qxd3 14. cxd3 Ne2+ 15. Kh1 Rc8 16. Bb2 f6 17. Bh3 Rc2 18. Be6 a6 19. Ba1 b5 20. a4 Kd8 21. axb5 axb5 22. Rxb5 Kc7 23. Ra5 Nh6 24. Ra7+ Kb8 25. Rxe7 Nc1 26. Bxf6 Rf8 27. Bd4 1-0